Нормален изглед
MARC изглед
- Читалище Христо Ботев. Русе
Вход 02. Организация (Колективен автор)
001 - Контролен номер на записа
- Контролно поле: 341891
003 - Код на организацията, даваща контролен номер
- Контролно поле: BLK
005 - Дата и час на последна промяна на записа
- Контролно поле: 20180420235938.0
008 - Данни с фиксирана дължина – обща информация
- Данни с фиксирана дължина : 180420|| aca||aabn | a|a d
110 ## - НАИМЕНОВАНИЕ НА КОЛЕКТИВЕН ОРГАН -ПЪРВИЧНА ИНТЕЛЕКТУАЛНА ОТГОВОРНОСТ
- Название на организация или юридическо име като основно описание: Читалище Христо Ботев. Русе
942 ## - Системна служебна употреба
- Koha auth type: CORPO_NAME